000 01460nam1a2200325 i 4500
001 rc\1782194
005 20260408042324.0
035 _a(NLR Aleph) 010178171
090 _a10154615
_c10154615
100 _a20061204g19041905u||y0rusy50 ca
101 0 _arus
102 _aRU
105 _az |||z|
135 _acrcn 024aaada
200 1 _aПечорский край
_eподворно-экономическое исследование селений печорского уезда
_e[ч. 1-2]
_fКом. для помощи поморам Рус. Севера
210 _aСанкт-Петербург
_cтипография И. Усманова
_d1904
215 _d23
607 _aПечорский край
_xИстория
_zнач. 20 в.
_92618427
_3RU\NLR\AUTH\661554987
607 _aПечорский край
_xЭтнографические исследования
_91903186
_3RU\NLR\AUTH\66866610
617 _aРоссия
_mЕвропейская часть
_mСеверо-Восток
_cПечорский край
686 _aТ52(2Р31-6Ко)
686 _aТ3(2Р31)52,02
686 _aУ30(28)
712 0 2 _4570
_aКомитет для помощи поморам Русского Севера
_cПетербург
_9870653
_3RU\NLR\AUTH\8810189755
801 0 _aRU
_bNLR
_gpsbo
801 0 _aRU
_bRuMoRGB
_2psbo
801 1 _aRU
_bProSoft-M
_2rusmarc
801 2 _aRU
_bNLR
_c20110523
_2rusmarc
852 _aNLR
_j37.28.7.63 (1-2)
942 _cBOOK